| Tag |
First Indicator |
Second Indicator |
Subfields |
| LEADER |
00000cam a2200000Mi 4500 |
| 001 |
in00003837521 |
| 005 |
20230919164920.0 |
| 008 |
151208s1974 dcu s f000 0 eng d |
| 035 |
|
|
|a (OCoLC)ocn931733481
|
| 035 |
|
|
|a (OCoLC)931733481
|
| 040 |
|
|
|a EEM
|b eng
|e rda
|c EEM
|d OCLCO
|d OCLCF
|d OCLCO
|
| 043 |
|
|
|a n-us-tx
|
| 086 |
0 |
|
|a L 2.3:1795/21
|
| 245 |
0 |
0 |
|a Area wage survey :
|b San Antonio, Texas, Metropolitan Area, May 1974.
|
| 246 |
3 |
|
|a San Antonio, Texas, Metropolitan Area, May 1974
|
| 264 |
|
1 |
|a Washington, D.C. :
|b United States Department of Labor, Bureau of Labor Statistics,
|c 1974.
|
| 264 |
|
2 |
|a Washington, D.C. :
|b For sale by the Superintendent of Documents, U.S. Government Printing Office,
|c 1974.
|
| 300 |
|
|
|a 32 pages ;
|c 20 x 27 cm.
|
| 336 |
|
|
|a text
|b txt
|2 rdacontent
|
| 337 |
|
|
|a unmediated
|b n
|2 rdamedia
|
| 338 |
|
|
|a volume
|b nc
|2 rdacarrier
|
| 490 |
1 |
|
|a Bulletin ;
|v 1795-21
|
| 500 |
|
|
|a Mostly tables.
|
| 500 |
|
|
|a August 1974.
|
| 650 |
|
0 |
|a Wages
|z Texas
|z San Antonio
|v Statistics.
|
| 651 |
|
0 |
|a San Antonio (Tex.)
|
| 650 |
|
7 |
|a Wages.
|2 fast
|0 (OCoLC)fst01169492
|
| 651 |
|
7 |
|a Texas
|z San Antonio.
|2 fast
|0 (OCoLC)fst01205169
|
| 655 |
|
7 |
|a Statistics.
|2 fast
|0 (OCoLC)fst01423727
|
| 710 |
1 |
|
|a United States.
|b Bureau of Labor Statistics.
|e issuing body.
|
| 830 |
|
0 |
|a Bulletin of the United States Bureau of Labor Statistics ;
|v 1795-21.
|
| 948 |
|
|
|h NO HOLDINGS IN TXA - 1 OTHER HOLDINGS
|
| 994 |
|
|
|a Z0
|b TXA
|
| 999 |
f |
f |
|s 3114bcdd-247f-31aa-9efc-7eccfb81a1b2
|i d7c987e9-58cb-3bb3-b4d5-fcf6531ad350
|t 0
|
| 952 |
f |
f |
|p normal
|a Texas A&M University
|b College Station
|c Sterling C. Evans Library
|s Evans udoc
|d Evans: US Documents (Annex 5th floor)
|t 0
|e L 2.3:1795-21
|h Superintendent of Documents classification
|i unmediated -- volume
|m A14832381324
|